1694 1981 1998 1684 1871 1308 1301 1835 1354 1121 1043 1150 1512 1628 1933 1488 1697 1053 1352 1771 1618 1302 1686 1263 1801 1639 1353 1416 1475 1311 1176 1035 1268 1569 1827 1845 1418 1364 1283 1143 1011 1929 1572 1230 1389 1456 1342 1440 1580 1231 1348 1852 1223 1870 1843 1591 1795 1219 1865 1414 1992 1820 1361 1944 1268 1348 1251 1381 1416 1982 1263 1112 1092 1425 1782 1210 1710 1106 1289 1012 1225 1173 1561 1952 1806 1235 1506 1126 1680 1555 1391 1234 1796 1171 1390 1643 1544 1092 1371 BCNSPRNW ULIB Ver.6.0+V

เปลี่ยนเป็นภาษาไทย

Change to English
 แสดงรายละเอียดบรรณานุกรม
  กลับหน้าหลัก

Brief Record : Get Marc (ISO 2709) : E-mail record : QR code < ปิดหน้าต่าง
LEADER : 00000nam 2200000uu 4500
001    13399110971
003     ULIB
008    110614s||||||||th 000 0 tha d
020    9789741010639
050  4 AC158^bอ543ว 2551
100 1  ยองจู, อัน
245 10 วิทยาศาสตร์ฉลาดรู้ เรื่อง พลังงาน /^cอันยองจู, เขียน ;วิภาพร พูลสวัสดิ์, แปล
250    พิมพ์ครั้งที่ 4
260    กรุงเทพฯ :^bอัมรินทร์คอมมิกส์,^c2551
300    199 หน้า :^bภาพประกอบ ;^c21 ซม.
440  0 ชุดวิทยาศาสตร์ฉลาดรู้ ;^vลำดับที่ 13
650  7 การ์ตูน
650  7 พลังงาน (กลศาสตร์)^xวรรณกรรมสำหรับเด็ก
650  7 วรรณกรรมเกาหลี
650  7 วรรณกรรมสำหรับเด็ก
700 0  วิภาพร พูลสวัสดิ์,^eผู้แปล
945    ^p199^l0^i024192
945    ^p199^l0^i024191
995    ทศพร
999 ^a ใช้งานได้ทุกระบบ
รายการนี้ยังไม่มีแท็ก
คุณยังไม่ได้ล็อกอิน คุณสามารถมีกิจกรรมร่วมกับเว็บไซต์ได้ แต่ต้องล็อกอินก่อน ::
  ล็อกอิน

รายการสื่อสารสนเทศ

ลำดับที่ ประเภท เลขเรียก/บาร์โค้ด สถานที่ สถานะ
- ไม่พบข้อมูล -

รายการใกล้เคียง
    ผู้แต่ง [ยองจู, อัน]

    หัวเรื่อง [การ์ตูน]
    หัวเรื่อง [วรรณกรรมเกาหลี]
    หัวเรื่อง [วรรณกรรมสำหรับเด็ก]

BibComment


ยังไม่เคยถูกคอมเมนท์

คอมเมนท์ทรัพยากรรายการนี้
  คอมเมนท์: วิทยาศาสตร์ฉลาดรู..


 Copyright 2026. Bcnsprnw @Library